000 00617nam a2200205 i 4500
001 51135
003 ES-MaACL
005 20230906162314.0
007 t|
008 030811s1977 sp ||||1| spa d
100 1 _aChao Espina, Enrique.
_937996
245 1 4 _aLos normandos en Galicia y otros temas medievales /
_cEnrique Chao Espina.
250 _a2ª ed.
260 _aLa Coruña :
_b[s.n.],
_c1977.
300 _a79 p. :
_bil. ;
_c21 cm.
650 4 _aVikingos-
_zGalicia.
_9149981
651 4 _aViveiro-
_vMisceláneas.
_9149982
852 _aES-MaACL
_jA-8069
_bR.96351
852 _aES-MaACL
_jA-7152
_bR.96352
999 _c51135
_d51135